| 000 | 00687nam a22002417a 4500 | ||
|---|---|---|---|
| 003 | UA-OsUOA | ||
| 001 | 62222 | ||
| 007 | ta | ||
| 008 | 20090813b un ||||| |||| 00| 0 ukr d | ||
| 100 | _aСамсонов А.М. | ||
| 090 |
_a94(100)"1941/1945" _bС17 |
||
| 942 | _cBK | ||
| 040 |
_aUA-OsUOA _brus _cUA-OsUOA _dUA-OsUOA |
||
| 245 | _aПамять минувшего. События, люди, история. | ||
| 300 | _a408 с. | ||
| 955 | _a1 | ||
| 041 | _arus | ||
| 080 | _a94(100)"1941/1945" | ||
| 020 | _a5-02-008913-3 | ||
| 260 |
_aМ. _bНаука _c1988 |
||
| 650 | 7 |
_a9 Географія. Біографії. Історія _2UDC |
|
| 999 |
_c348314 _d348314 |
||